Catecismo romano

Saved in:
Bibliografiske detaljer
Hovedforfatter: Hernández, Pedro Martín (Author)
Format: Bog
Sprog:spansk
Udgivet: Madrid Biblioteca de Autores Cristianos 1956
Serier:Biblioteca de Autores Cristianos
Fag:
Tags: Tilføj Tag
Ingen Tags, Vær først til at tagge denne postø!

MARC

LEADER 00000nam a2200000 a 4500
001 UCL6218
003 CL-VaPUC
008 040402e19561103SP |||||||||||||||||spa|d
082 0 4 |a 238.2  |b HER  |2 21 
100 0 |a Hernández, Pedro Martín  |e author  |9 483901 
245 1 0 |a Catecismo romano 
300 |a 1053 p 
942 |c BK 
945 |d 20040402 00:00:00  |a vberengu 
260 |a Madrid  |b Biblioteca de Autores Cristianos  |c 1956 
650 7 |a CATECISMOS  |2 CL-VaPUC  |9 257883 
650 7 |a CREDOS  |2 CL-VaPUC  |9 399845 
650 0 |a Iglesia Católica  |9 256114 
583 |a last modification  |c 20040402 00:00:00  |k Rodrigo Vera 
490 0 |a Biblioteca de Autores Cristianos 
999 |c 308397  |d 308395 
952 |0 0  |1 0  |4 0  |6 238_200000000000000_HER_1956  |7 0  |8 A  |9 374911  |a BIBTEO  |b BIBTEO  |d 2019-11-21  |i 2107899  |o 238.2 HER 1956  |p 2107899  |r 2025-01-17  |w 2019-11-21  |y BK  |k ICR